Genshin Impact Characters by Element - Statistics

General Stats
  • This quiz has been taken 76 times
  • The average score is 77 of 110
Answer Stats
Answer % Correct
Raiden Shogun
92%
Bennett
90%
Varka
88%
Jean
86%
Zhongli
86%
Diluc
84%
Furina
84%
Xiao
84%
Amber
82%
Mavuika
82%
Nefer
82%
Neuvillette
82%
Venti
82%
Wanderer
82%
Dehya
80%
Kaeya
80%
Klee
80%
Lauma
80%
Arlecchino
78%
Barbara
78%
Chongyun
78%
Fischl
78%
Flins
78%
Kamisato Ayato
78%
Lan Yan
78%
Lisa
78%
Mona
78%
Nahida
78%
Albedo
76%
Gorou
76%
Kaedehara Kazuha
76%
Kamisato Ayaka
76%
Kujou Sara
76%
Navia
76%
Zibai
76%
Alhaitham
75%
Tighnari
75%
Aino
73%
Collei
73%
Columbina Hyposelenia
73%
Hu Tao
73%
Kinich
73%
Xiangling
73%
Yaoyao
73%
Arataki Itto
71%
Durin
71%
Eula
71%
Kaveh
71%
Keqing
71%
Lyney
71%
Ningguang
71%
Noelle
71%
Ororon
71%
Qiqi
71%
Skirk
71%
Yae Miko
71%
Charlotte
69%
Diona
69%
Faruzan
69%
Ineffa
69%
Kachina
69%
Razor
69%
Sangonomiya Kokomi
69%
Tartaglia
69%
Thoma
69%
Xingqiu
69%
Yoimiya
69%
Beidou
67%
Citlali
67%
Clorinde
67%
Cyno
67%
Escoffier
67%
Shikanoin Heizou
67%
Sucrose
67%
Xilonen
67%
Chasca
65%
Chiori
65%
Freminet
65%
Iansan
65%
Illuga
65%
Jahoda
65%
Mika
65%
Mualani
65%
Wriothesley
65%
Yelan
65%
Baizhu
63%
Candace
63%
Emilie
63%
Lynette
63%
Rosaria
63%
Shenhe
63%
Yanfei
63%
Yun Jin
63%
Kirara
61%
Layla
61%
Chevreuse
59%
Ifa
59%
Sayu
59%
Shinobu Kuki
59%
Xinyan
59%
Dahlia
57%
Nilou
57%
Ganyu
55%
Sethos
55%
Varesa
55%
Yumemizuki Mizuki
55%
Gaming
53%
Xianyun
53%
Sigewinne
51%
Dori
49%
No matching quizzes found
Score Distribution
Percent of People with Each Score
Percentile by Number Answered
Your Score History
You have not taken this quiz